| 000 | 00446nam a2200145Ia 4500 | ||
|---|---|---|---|
| 008 | 231129s2007||||xx |||||||||||||| ||spa|| | ||
| 020 | _a978-958-45-0309-1 | ||
| 040 | _bspa | ||
| 082 | _a658.4092 Ch469k | ||
| 100 | _aCharan Ram | ||
| 245 | 0 | _aKnow-How: Las 8 habilidades que distinguen a las personas de buen desempeño de las demás | |
| 260 | _c2007 | ||
| 264 | _aGrupo Editorial Norma | ||
| 942 |
_2ddc _cBKS |
||
| 999 |
_c16345 _d16345 |
||